[Event "CRO-ch U15"]
[Site "Trogir"]
[Date "2023.06.24"]
[Round "6"]
[White "Pavicic, Marko"]
[Black "Borzan, Matej"]
[Result "0-1"]
[WhiteElo "1667"]
[BlackElo "1763"]
[PlyCount "52"]
[EventDate "2023.06.21"]
[EventType "swiss"]
[EventRounds "9"]
[EventCountry "CRO"]
[SourceTitle "EXT 2024"]
[Source "ChessBase"]
[SourceDate "2023.10.10"]
[SourceVersion "1"]
[SourceVersionDate "2023.10.10"]
[SourceQuality "1"]

1. e4 c5 2. Nf3 Nc6 3. Bc4 e6 4. Nc3 a6 5. a4 Nf6 6. e5 Ng4 7. Qe2 Qc7 8. 0-0 Ngxe5 9. Nxe5 Qxe5 10. Qxe5 Nxe5 11. d3 d5 12. Bb3 Ng6 13. Re1 Be7 14. Ne2 Bd6 15. c4 d4 16. Bc2 a5 17. Ra3 Bd7 18. Bd1 0-0 19. Rb3 Rab8 20. Rb6 Bc7 21. Rb3 Bxa4 22. Ra3 Bxd1 23. Rxd1 b5 24. b3 bxc4 25. bxc4 Rb1 26. Rd2 Nf4 0-1

[Event "CRO-ch U15"]
[Site "Trogir"]
[Date "2023.06.23"]
[Round "5"]
[White "Martic, Ivan3333"]
[Black "Pavicic, Marko"]
[Result "0-1"]
[WhiteElo "1578"]
[BlackElo "1667"]
[PlyCount "68"]
[EventDate "2023.06.21"]
[EventType "swiss"]
[EventRounds "9"]
[EventCountry "CRO"]
[SourceTitle "EXT 2024"]
[Source "ChessBase"]
[SourceDate "2023.10.10"]
[SourceVersion "1"]
[SourceVersionDate "2023.10.10"]
[SourceQuality "1"]

1. d4 d5 2. Bf4 Nf6 3. e3 Bf5 4. Nf3 e6 5. Be2 c5 6. Ne5 Nc6 7. g4 Bg6 8. h4 h6 9. Nxg6 fxg6 10. Bd3 Ne7 11. c3 c4 12. Bc2 Ne4 13. f3 Nd6 14. Nd2 h5 15. Qb1 Kf7 16. Bg5 Ndc8 17. Bxg6+ Kg8 18. Bxh5 Qc7 19. Bf4 Qd7 20. e4 g6 21. exd5 gxh5 22. Ne4 Bg7 23. d6 Nd5 24. Nc5 Qc6 25. Bd2 Qxd6 26. Ne4 Qc7 27. Qc1 e5 28. dxe5 Qxe5 29. Qc2 Nd6 30. 0-0-0 Nxe4 31. fxe4 Nf6 32. gxh5 Qxe4 33. Qa4 Rxh5 34. Rhe1 Qf5 0-1